Phẫu thuật tạo hình nha chu
Nội dung sách chia thành 3 phần: Phần 1- Ba chương đầu trình bày giải phẫu học phân tích, liên quan đến phẫu thuật tạo hình nha chu; Phần 2- Ba chương trình bày bệnh lý và cách phân loại mới bệnh viêm nha chu do Hiệp Hội Nha chu Hoa Kỳ và Hiệp H...
Tallennettuna:
| Päätekijä: | |
|---|---|
| Aineistotyyppi: | Kirja |
| Kieli: | Vietnamese |
| Julkaistu: |
TP. Hồ Chí Minh
Đại học Quốc gia Thành phố Hồ Chí Minh
2018
|
| Painos: | Tái bản lần thứ 1 có chỉnh sửa và hiệu đính |
| Aiheet: | |
| Tagit: |
Lisää tagi
Ei tageja, Lisää ensimmäinen tagi!
|
| Thư viện lưu trữ: | Thư viện Trường Đại học Nam Cần Thơ |
|---|
| LEADER | 01541nam a22002057a 4500 | ||
|---|---|---|---|
| 001 | NCT_4_004370 | ||
| 008 | 240227b xxu||||| |||| 00| 0 vie d | ||
| 999 | |c 8098 |d 8098 | ||
| 020 | |a 978604736005 |c 350000 | ||
| 082 | 0 | 4 | |2 23rd ed. |a 617.605 |b H401 |
| 100 | 1 | |a Trần Giao Hòa | |
| 245 | 1 | 0 | |a Phẫu thuật tạo hình nha chu |c Trần Giao Hòa |
| 250 | |a Tái bản lần thứ 1 có chỉnh sửa và hiệu đính | ||
| 260 | |a TP. Hồ Chí Minh |b Đại học Quốc gia Thành phố Hồ Chí Minh |c 2018 | ||
| 300 | |a 464tr. |b minh họa |c 24 cm | ||
| 520 | 3 | |a Nội dung sách chia thành 3 phần: Phần 1- Ba chương đầu trình bày giải phẫu học phân tích, liên quan đến phẫu thuật tạo hình nha chu; Phần 2- Ba chương trình bày bệnh lý và cách phân loại mới bệnh viêm nha chu do Hiệp Hội Nha chu Hoa Kỳ và Hiệp Hội Nha chu Châu Âu, thống nhất tại Hội nghi Nha chu Armitage, dễ dàng áp dụng trong lâm sàng để chẩn đoán và điều trị; Phần 3- Trình bày các loại phẫu thuật trong điều trị bệnh nha chu và phẫu thuật tạo hình nha chu. | |
| 653 | |a Răng Hàm Mặt | ||
| 942 | |2 ddc |c BK | ||
| 952 | |0 0 |1 0 |2 ddc |4 0 |6 617_605000000000000_H401 |7 0 |9 28570 |a 000001 |b 000001 |d 2024-02-27 |o 617.605 H401 |p MD.22143 |r 2024-02-27 |v 350000.00 |w 2024-02-27 |y BK | ||
| 980 | |a Thư viện Trường Đại học Nam Cần Thơ | ||